000 00515nam a22001217a 4500
999 _c21558
_d21558
008 240912b ||||| |||| 00| 0 eng d
100 _aSalubayba, Mylene Agana.
_eauthor.
_960825
245 _aBanghay ng pagtuturo sa araling panlipunan 10 (collaborative approach)
_cMylene Agana Salubayba.
260 _aPhilippines;
_bPublishers Association of the Philippines, Inc.,
_cJanuary 2020.
300 _aVolume 168, pages 300-302,
_billustration.
700 _aSalubayba, Mylene Agana.
_eauthor.
_960825
942 _2ddc
_cPER